| 000 | 00694nam a2200217 i 4500 | ||
|---|---|---|---|
| 001 | bgj | ||
| 100 | 1 | _aEVANS, Virginia | |
| 245 | 1 | 0 |
_aFCE Use of English : _bfor the revised Cambridge Proficiency Examination / _cVirginia Evans. |
| 260 |
_aBlackpill, Swansea : _bExpress Publishing, _c1998. |
||
| 300 |
_a219 pp ; _c28 cm. |
||
| 650 | 9 |
_aEnglish language _xExaminations, questions, etc. |
|
| 650 | 9 |
_aEnglish language _xAssessment tests |
|
| 650 | 9 |
_aEnglish language _xFirst Certificate tests |
|
| 650 | 9 |
_aEnglish language _xFCE tests |
|
| 020 | _a9603610194 | ||
| 040 | _cBPK | ||
| 041 | 0 | _aeng | |
| 920 | _a960-361-019-4 | ||
| 942 | _cKS | ||
| 008 | s uk f |000 0 eng | ||
| 999 |
_c48415 _d48415 |
||
| 856 |
_uhttp://koha.tu.koszalin.pl/cgi-bin/koha/opac-detail.pl?biblionumber=48415 _yKatalog online BPK |
||